| 000 | 00553nam a22001817a 4500 | ||
|---|---|---|---|
| 005 | 20231128065357.0 | ||
| 008 | 231128b |||||||| |||| 00| 0 eng d | ||
| 020 | _a070211216 X ; 0702112186 | ||
| 041 | _aAfrikaans | ||
| 082 | _a340.1 STE | ||
| 100 |
_aSteyn, L et al. _lAfrikaans |
||
| 245 |
_aDie Uitleg van Wette / _cL Steyn et al. |
||
| 250 | _aVyfde Uitgawe | ||
| 260 |
_aKaapstad : _bJuta en Kie. Bpk, _c1981 |
||
| 300 |
_bxxviii, 361 pages ; _c26 cm. |
||
| 650 |
_aLegal practice _bLaw |
||
| 942 |
_cBK _6ALISON_BN_VRIES |
||
| 999 |
_c984 _d984 |
||